000 00846nas a2200277 4500
001 BR9505141
003 BR-BrBNA
005 20231205094205.0
007 ta
008 230509b bl.|||p| |||| 00| 00por d
040 _aBR-BrBNA
_bpor
_cBiblioteca Nacional de Agricultura
041 _a(Pt)
072 _aL51; L02
100 1 _aLima, C.A.R. de
100 1 _aOliveira, B.L. de
100 1 _aBertechini, A.G.
100 1 _aOliveira, A.I.G. de
245 1 _aPlanos de alimentacao e tipos de dieta para frangos de corte. 1. Efeitos sobre o desempenho
650 _aFrango de Corte
650 _aNutricao Animal
650 _aDieta
650 _aPerformance
773 0 _tCiencia e Pratica (Brazil)
_xISSN 0100-3267
_g(Jul-Sep 1992), v. 16(3) p. 416-424
_wBR9505141
909 _a202311
_bLúcia
_c55
_dLúcia Elande
942 _2AGRIS
_n0
_cANA
999 _c142665
_d142665